| 000 | 00737nam a2200157Ia 4500 | ||
|---|---|---|---|
| 008 | 231221s9999 xx 000 0 und d | ||
| 020 | _a978-3-540-32248-1 | ||
| 041 | _aEnglish | ||
| 100 | _aStan Z. Li, Zhenan Sun, Tieniu Tan, Sharath Pankanti, Gérard Chollet, David Zhang | ||
| 245 | 0 | _aAdvances in Biometric Person Authentication | |
| 260 |
_c2005 _bSpringer US _aNew York |
||
| 440 | _aLecture Notes in Computer Science | ||
| 650 | _aComputer Science | ||
| 650 | _aPattern Recognition; Computer Appl. in Social and Behavioral Sciences; Computer Appl. in Administrative Data Processing; Multimedia Information Systems; Special Purpose and Application-Based Systems; Management of Computing and Information Systems | ||
| 942 | _cEB | ||
| 999 |
_c221248 _d221248 |
||